| 000 | 00491nam a2200193Ia 4500 | ||
|---|---|---|---|
| 005 | 20230706122328.0 | ||
| 008 | 230524s9999 xx 000 0 und d | ||
| 020 | _a9788131807637 | ||
| 082 |
_a627.52 _bPUN |
||
| 100 |
_aB.C.Punima _945356 |
||
| 245 | 0 | _aIrrigation And Water Power Engineering | |
| 250 | _a1 | ||
| 260 |
_aNew Delhi _bLaxmi Pub. _c2014 |
||
| 300 | _a"xvi,961p;" | ||
| 500 | _aQuantity Number: 4 | ||
| 650 | _aCivil | ||
| 700 | _aPande B.B.Lal (etal...) | ||
| 942 | _cBK | ||
| 999 |
_c55415 _d55415 |
||